Participatory approaches for sustainable land use in Southeast Asia / (Record no. 13952)
[ view plain ]
| 000 -LEADER | |
|---|---|
| fixed length control field | 00498cam a2200169 a 4500 |
| 020 ## - INTERNATIONAL STANDARD BOOK NUMBER | |
| ISBN | 9744800674 |
| 040 ## - CATALOGING SOURCE | |
| Transcribing agency | DLC |
| 082 ## - DEWEY DECIMAL CLASSIFICATION NUMBER | |
| Classification number | 333 WHI 2005 A012 Or. |
| 245 10 - TITLE STATEMENT | |
| Title | Participatory approaches for sustainable land use in Southeast Asia / |
| 260 ## - PUBLICATION, DISTRIBUTION, ETC. (IMPRINT) | |
| Place of publication | Bangkok, Thailand : |
| Name of publisher | White Lotus Press, |
| Year of publication | c2005. |
| 300 ## - PHYSICAL DESCRIPTION | |
| Number of Pages | xvii, 411 p. : |
| Other physical details | ill., maps ; |
| Dimensions | 21 cm. |
| 650 #0 - SUBJECT ADDED ENTRY--TOPICAL TERM | |
| Topical Term | Land use |
| 650 #0 - SUBJECT ADDED ENTRY--TOPICAL TERM | |
| Topical Term | Sustainable development |
| 650 #0 - SUBJECT ADDED ENTRY--TOPICAL TERM | |
| Topical Term | Sustainable agriculture |
| 700 1# - ADDED ENTRY--PERSONAL NAME | |
| Personal name | Neef, Andreas, |
| 942 ## - ADDED ENTRY ELEMENTS (KOHA) | |
| Koha item type | សៀវភៅភាសាអង់គ្លេស |
| 952 ## - LOCATION AND ITEM INFORMATION (KOHA) | |
| Withdrawn status [LOCAL, KOHA] | 0 |
| Permanent Location | Date acquired | Koha item type | Lost status | Shelving location | Barcode | Current Location | Full call number |
|---|---|---|---|---|---|---|---|
| Library Block A | 2017-10-03 | សៀវភៅភាសាអង់គ្លេស | A012 | A20620 | Library Block A | 333 WHI 2005 A012 Co. |